00380nam a2200109Ia 4500008004100000020002200041041001200063100005800075245008400133260003200217650002100249231221s9999 xx 000 0 und d a978-0-387-37876-3 aEnglish aJacques Berleur, Markku I. Nurminen, John Impagliazzo 0aSocial Informatics: An Information Society for all? In Remembrance of Rob Kling c2006bSpringer USaNew York aComputer Science